Efesli Herakleitos Felsefe Günleri, 1 : (Record no. 15380)

MARC details
000 -BAŞLIK
Sabit Uzunlukta Kontrol Alanı 00825nam a22002297a 4500
999 ## - SİSTEM KONTROL NUMARALARI (KOHA)
Koha Biblionumber 15380
Koha Biblioitemnumber 15380
003 - KONTROL NUMARASI IDENTIFIER
Denetim Alanı MIRAKIL
005 - SON İŞLEM TARİHİ VE ZAMANI
Denetim Alanı 20240214123210.0
008 - SABİT-BOY VERİ ELEMANLARI - GENEL BİLGİLER
Sabit Uzunlukta Kontrol Alanı 240214b tu ||||| |||| 00| 0 tur d
020 ## - ULUSLARARASI STANDART KİTAP NUMARASI
Uluslararası Standart Kitap Numarası 9786056994739
040 ## - KATALOGLAMA KAYNAK
Orijinal Kataloglama Ajansı TR-AnCHP
Metne Dönüştürmek Ajansı TR-AnCHP
041 ## - DİL KODU
Metin / Ses Parça Veya Ayrı Başlığın Dil Kodu Türkçe
082 ## - DEWEY ONLU SINIFLANDIRMA NUMARASI
Sınıflandırma Numarası 182.4
Ürün Numarası E23 2020
245 10 - BAŞLIK TABLOSU
Başlık Efesli Herakleitos Felsefe Günleri, 1 :
Başlığın Kalan 21-23 Kasım 2019 /
Sorumluluk Tablosu, Vb editör: Yusuf Yavaş, Tolga Mert
250 ## - EDITION TABLOSU
Baskı Beyanı 1. bs. : Ekim 2020
260 ## - YAYIN, DAĞITIM, VB
Yayın, Dağıtım, Vb Yeri Selçuk, İzmir :
Yayıncı, Dağıtıcı, Vs Adı Kent Belleği Yayınları,
Yayın, Dağıtım, Vb Tarihi 2020
Üretici Firma Tarcan matbaacılık
300 ## - FİZİKSEL TANIM
Kapsam 120 sayfa :
Diğer Fiziksel Ayrıntıları fotoğraf ;
Boyutlar 21 cm.
490 0# - SERİSİ TABLOSU
Seri Beyanı Kent Belleği Yayınları ;
Hacim / Ardışık Tanımı 6
504 ## - KAYNAKÇA VB NOT
Kaynakça Vb Notu Kaynakça makale sonlarındadır<br/>
650 #0 - KONU KATMA GİRİŞ - TOPİKAL DÖNEM
9 (RLIN) 7533
Topikal Süreli Veya Coğrafi Ad Giriş Elemanı Yunan felsefesi
856 ## - ELEKTRONİK YER VE ERİŞİM
Kamu Notu Dijital Nüshası için Partimizin Kütüphane Sorumlusu ile iletişime geçiniz.
942 ## - EKLENDİ GİRİŞ ELEMANLARI (KOHA)
Sınıflandırma Veya Raf Düzeni Kaynak Dewey Decimal Classification
Koha Öğesi Türü Books
Holdings
Kalıcı Konum Mevcut Konum Edinme Tarihi Toplam Check-Out'Lar Tam Çağrı Numarası Barkod Tarih Son Görülme İtibaren Geçerli Fiyatlar Koha Öğesi Türü
CHP Kütüphanesi CHP Kütüphanesi 02/14/2024   182.4 E23 2020 20968 02/14/2024 02/14/2024 Books